000 00368pab a2200145 454500
008 180718b1988 xxu||||| |||| 00| 0 eng d
100 _aBelz, Herman
245 _aAbraham Lincohn and American constitutionalism
260 _c1988
300 _a169-97
362 _aSpring
650 _aConstitutional Law - U.S.A.
773 _aThe Review of Politics
909 _a6526
999 _c6526
_d6526